000 00369nam a22001577a 4500
005 20160426125206.0
008 160426b xxu||||| |||| 00| 0 eng d
020 _a81-8054-719-05
041 _aeng
082 _b00090
100 _aSwarup, Kanti
_956
245 _aOperations Research
260 _aNew Delhi
_bSultan Chand & Sons,
_c2008
300 _a1006
942 _cBK
999 _c16
_d16